|
|
|
|
| LEADER |
00644cam a2200193 7i4500 |
| 001 |
0000010456 |
| 005 |
20170218090000.0 |
| 020 |
|
|
|a 9780070087149
|
| 020 |
|
|
|a 0070087148 (pbk.)
|
| 090 |
0 |
0 |
|a TA347.F5
|b B84 1994
|
| 100 |
1 |
|
|a Buchanan, Geroge R
|
| 245 |
1 |
0 |
|a Schaum's outline of theory and problems of finite element analysis
|c George R. Buchanan.
|
| 260 |
|
|
|a New York:
|b McGraw-Hill,
|c 1994.
|
| 300 |
|
|
|a viii, 264p.;
|c 28cm.
|
| 490 |
0 |
|
|a Schaum's outlines
|
| 500 |
|
|
|a Includes index
|
| 650 |
0 |
0 |
|a Finite element methods
|
| 997 |
|
|
|a Engineering, Faculty
|b Engineering, Department
|
| 999 |
|
|
|a 0000014042
|b BOK
|c OPEN SHELF
|e 2nd Floor, Bestari Jaya
|